[Event "wgm"]
[Site "?"]
[Date "2015.09.24"]
[Round "9.5"]
[White "Szczepkowska-horowska, Karina"]
[Black "Foisor, Cristina-adela"]
[Result "1/2-1/2"]
[BlackElo "2361"]
[WhiteElo "2395"]
[LiveChessVersion "1.4.4"]

1. d4 {[%clk 1:30:57]} f5 {[%clk 1:30:42]} 2. Nf3 {[%clk 1:29:50]} e6
{[%clk 1:30:38]} 3. c4 {[%clk 1:29:29]} Nf6 {[%clk 1:30:53]} 4. Nc3
{[%clk 1:29:19]} d5 {[%clk 1:30:47]} 5. Bf4 {[%clk 1:28:57]} c6 {[%clk 1:31:04]}
6. e3 {[%clk 1:27:05]} Bb4 {[%clk 1:29:00]} 7. a3 {[%clk 1:24:35]} Be7
{[%clk 1:28:31]} 8. Bd3 {[%clk 1:21:25]} O-O {[%clk 1:28:40]} 9. O-O
{[%clk 1:21:48]} Ne4 {[%clk 1:23:09]} 10. h3 {[%clk 1:17:12]} Nd7
{[%clk 1:22:02]} 11. Nd2 {[%clk 1:10:20]} Ndf6 {[%clk 1:16:58]} 12. Ne2
{[%clk 1:03:16]} b6 {[%clk 1:12:44]} 13. Nf3 {[%clk 0:59:34]} Bb7
{[%clk 1:10:12]} 14. Ne5 {[%clk 0:57:48]} Nd7 {[%clk 1:09:42]} 15. cxd5
{[%clk 0:56:00]} exd5 {[%clk 1:07:00]} 16. f3 {[%clk 0:54:10]} Nd6
{[%clk 1:03:01]} 17. Rc1 {[%clk 0:51:58]} Rc8 {[%clk 1:01:29]} 18. Qd2
{[%clk 0:46:28]} c5 {[%clk 0:53:20]} 19. Bh2 {[%clk 0:44:16]} Nxe5
{[%clk 0:49:37]} 20. Bxe5 {[%clk 0:41:30]} c4 {[%clk 0:46:44]} 21. Bb1
{[%clk 0:41:06]} Qd7 {[%clk 0:46:44]} 22. Qe1 {[%clk 0:37:44]} Nf7
{[%clk 0:43:13]} 23. f4 {[%clk 0:35:27]} Rc6 {[%clk 0:42:30]} 24. Qg3
{[%clk 0:33:53]} Bf6 {[%clk 0:37:41]} 25. Qf3 {[%clk 0:33:20]} g6
{[%clk 0:36:30]} 26. Nc3 {[%clk 0:29:22]} Rd8 {[%clk 0:28:27]} 27. Qg3
{[%clk 0:29:03]} Kf8 {[%clk 0:25:08]} 28. Bc2 {[%clk 0:28:47]} Re6
{[%clk 0:22:07]} 29. Bd1 {[%clk 0:27:28]} b5 {[%clk 0:20:09]} 30. Qf2
{[%clk 0:25:57]} Nd6 {[%clk 0:19:42]} 31. g4 {[%clk 0:24:10]} a5 {[%clk 0:15:09]}
32. Bf3 {[%clk 0:22:25]} Ne4 {[%clk 0:10:57]} 33. Bxe4 {[%clk 0:15:54]} dxe4
{[%clk 0:11:21]} 34. gxf5 {[%clk 0:16:13]} gxf5 {[%clk 0:11:45]} 35. Qe2
{[%clk 0:16:23]} b4 {[%clk 0:06:34]} 36. axb4 {[%clk 0:16:37]} axb4
{[%clk 0:07:00]} 37. Na2 {[%clk 0:15:48]} Be7 {[%clk 0:06:26]} 38. Qh5
{[%clk 0:14:30]} Rg6+ {[%clk 0:04:53]} 39. Kh2 {[%clk 0:11:39]} Qe6
{[%clk 0:04:54]} 40. Rg1 {[%clk 0:39:59]} Qf7 {[%clk 0:33:20]} 41. Rxg6
{[%clk 0:37:47]} hxg6 {[%clk 0:23:21]} 42. Qh8+ {[%clk 0:36:32]} Qg8
{[%clk 0:23:45]} 43. Qxg8+ {[%clk 0:30:42]} 1/2-1/2